|
|
|
|
| LEADER |
00000nab a2200000 a 4500 |
| 001 |
vtls008418659 |
| 003 |
SK-MaSNL |
| 005 |
20260305041234.0 |
| 008 |
051215c20050725xo dr n 000 00slo |
| 038 |
|
|
|a SVKPOCL
|
| 040 |
|
|
|a SVKPOCL
|b slo
|c SVKPO
|e AACR2
|
| 041 |
0 |
|
|a slo
|
| 044 |
|
|
|a xo
|c SK
|
| 080 |
|
|
|a 796.332
|2 UDC-MRF-SK2
|
| 100 |
1 |
|
|a Majerník, Tomáš,
|d 1942-2022
|4 aut
|9 69034
|
| 245 |
1 |
0 |
|a Futbalový sviatok v Terni
|c Tomáš Majerník
|
| 300 |
|
|
|a Fotogr.
|
| 610 |
2 |
7 |
|a Terniansky športový klub (Terňa, Slovensko)
|2 svkpocl
|9 1621539
|
| 650 |
0 |
7 |
|a výročie 55.
|x oslavy
|2 svkpocl
|9 1621540
|
| 651 |
|
7 |
|a Terňa (Slovensko)
|2 svkpocl
|9 57057
|
| 651 |
|
7 |
|a Prešov (Slovensko : okres)
|2 svkpocl
|9 28797
|
| 773 |
0 |
|
|t Prešovský večerník
|g Roč. XVI, č. 3760 (25.7.2005)
|x 1336-4030
|
| 773 |
0 |
8 |
|i Príl.:
|t Šport Extra
|g Č. 30 (25. júla 2005), s. 9
|
| 852 |
|
|
|a SVKPO
|b KIS3GCP
|
| 856 |
4 |
1 |
|u www.vecernik.po.sk
|
| 999 |
|
|
|c 3342921
|d 3344851
|